International clay conference (notice nᵒ 11704)
[ vue normale ]
| 000 -LEADER | |
|---|---|
| fixed length control field | 00641nam a2200205Ia 4500 |
| 008 - FIXED-LENGTH DATA ELEMENTS--GENERAL INFORMATION | |
| fixed length control field | 160105s9999 xx 000 0 und d |
| 041 ## - LANGUAGE CODE | |
| Language code of text/sound track or separate title | eng |
| 111 ## - MAIN ENTRY--MEETING NAME | |
| Meeting name or jurisdiction name as entry element | International clay conference 1981 |
| 111 ## - MAIN ENTRY--MEETING NAME | |
| Date of meeting | 06/09/1981-12/09/1981 |
| 245 ## - TITLE STATEMENT | |
| Title | International clay conference |
| 260 ## - PUBLICATION, DISTRIBUTION, ETC. | |
| Name of publisher, distributor, etc | Elsevier |
| 260 ## - PUBLICATION, DISTRIBUTION, ETC. | |
| Date of publication, distribution, etc | 1982 |
| 300 ## - PHYSICAL DESCRIPTION | |
| Other physical details | ill. |
| 490 ## - SERIES STATEMENT | |
| Series statement | Developments in sedimentology |
| 500 ## - GENERAL NOTE | |
| General note | Cote d'origine affectée par la BC : BC_592 13 devient SS_631.411.3 IN |
| 654 ## - SUBJECT ADDED ENTRY--FACETED TOPICAL TERM | |
| General subdivision | ENVIRONNEMENT/SOL/EAU DU SOL/TERRE/ARGILE/TENDANCE/CHIMIE/METHODE/INDUSTRIE |
| 942 ## - ADDED ENTRY ELEMENTS (KOHA) | |
| Koha item type | Actes de Congrès |
| 994 ## - | |
| -- | 111853 |
| Withdrawn status | Lost status | Damaged status | Use restrictions | Not for loan | Home library | Current library | Cost, normal purchase price | Shelving control number | Total Checkouts | Total Renewals | Total Holds | Full call number | Barcode | Cost, replacement price | Koha item type |
|---|---|---|---|---|---|---|---|---|---|---|---|---|---|---|---|
| Département de Sciences du Sol | Département de Sciences du Sol | 0.00 | SS_631.411.3 INT | SS_631.411.3 INT | 0.00 | Actes de Congrès |